सुखे पेड सब्ज पत्ते (Record no. 54512)

MARC details
000 -LEADER
fixed length control field 00557nam a2200181Ia 4500
008 - FIXED-LENGTH DATA ELEMENTS--GENERAL INFORMATION
fixed length control field 090123s9999 xx 000 0 und d
082 ## - DEWEY DECIMAL CLASSIFICATION NUMBER
Item number 16447
100 ## - MAIN ENTRY--PERSONAL NAME
Personal name नंदा गुलशन
245 ## - TITLE STATEMENT
Title सुखे पेड सब्ज पत्ते
250 ## - EDITION STATEMENT
Edition statement 0
260 ## - PUBLICATION, DISTRIBUTION, ETC. (IMPRINT)
Name of publisher, distributor, etc अशोक
300 ## - PHYSICAL DESCRIPTION
Extent 238
600 ## - SUBJECT ADDED ENTRY--PERSONAL NAME
Personal name नंदा गुलशन
630 ## - SUBJECT ADDED ENTRY--UNIFORM TITLE
Uniform title सुखे पेड सब्ज पत्ते
700 ## - ADDED ENTRY--PERSONAL NAME
Personal name नंदा गुलशन
730 ## - ADDED ENTRY--UNIFORM TITLE
Uniform title सुखे पेड सब्ज पत्ते
942 ## - ADDED ENTRY ELEMENTS (KOHA)
Koha item type Book

No items available.